000 01051nam a2200289 i 4500
001 bg
100 1 _aWÓJCIK, Jerzy Wojciech
245 1 0 _aKryminologiczna ocena transakcji w procesie prania pieniędzy /
_cJerzy Wojciech Wójcik.
260 _aWarszawa :
_b"Twigger",
_c2001.
300 _a766 s. ;
_c21 cm.
490 1 _aTwigger
504 _aBibliogr.
505 _aZawiera także teksty aktów prawnych.
650 9 _aPranie pieniędzy
_xzapobieganie i zwalczanie
_xprawo międzynarodowe
_ystan na 2001 r.
650 9 _aPranie pieniędzy
_xzapobieganie i zwalczanie
_xprawo
_zPolska
_ystan na 2001 r.
650 9 _aPrzestępczość zorganizowana
_yod 1945 r.
650 9 _aPrzestępczość zorganizowana
_zPolska
_yod 1989 r.
830 _aTwigger
020 _a8385946691
040 _cBPK
041 0 _apl
080 _a343.53:336.717:343.341:343.85](438+100)
920 _a83-85946-69-1
942 _cKS
008 s pl f |000 0 pol
999 _c41992
_d41992
856 _uhttp://koha.tu.koszalin.pl/cgi-bin/koha/opac-detail.pl?biblionumber=41992
_yKatalog online BPK